Trabajos presentados al I Simposium de Seguridad en el Trabajo. (Record no. 144160)

MARC details
000 -LEADER
campo de control de longitud fija 01069nam a2200253 4500
001 - NÚMERO DE CONTROL
campo de control 144160
003 - IDENTIFICADOR DE NÚMERO DE CONTROL
campo de control ES-MaACL
005 - FECHA Y HORA DE LA ÚLTIMA TRANSACCIÓN
campo de control 20250730084014.0
007 - CAMPO FIJO DE DESCRIPCIÓN FÍSICA--INFORMACIÓN GENERAL
campo de control de longitud fija t|
008 - DATOS DE LONGITUD FIJA--INFORMACIÓN GENERAL
campo de control de longitud fija 070214s1981 sp r ||||1| spa d
111 2# - ENTRADA PRINCIPAL--NOMBRE DE CONGRESO/REUNIÓN
Nombre de congreso/reunión o jurisdicción como elemento de entrada Simposio de Seguridad en el Trabajo (
Sede del congreso/Lugar de la reunión Madrid (
Fecha del congreso o de la firma del tratado 1980) (
Número del congreso/reunión o número de parte o sección . 1º)
9 (RLIN) 220982
245 10 - MENCIÓN DEL TÍTULO
Título Trabajos presentados al I Simposium de Seguridad en el Trabajo.
260 ## - PUBLICACIÓN, DISTRIBUCIÓN, ETC.
Lugar de publicación, distribución, etc. Madrid :
Nombre del editor, distribuidor, etc. MAPFRE,
Fecha de publicación, distribución, etc. 1981 (
Fabricante Central de Artes Gráficas)
300 ## - DESCRIPCIÓN FÍSICA
Extensión IX, 500 p. ;
Dimensiones 21 cm.
500 ## - NOTA GENERAL
Nota general Precede al tít.: Fundación Mapfre.
500 ## - NOTA GENERAL
Nota general Contiene: Protección contra contactos eléctricos ; Instalaciones eléctricas en emplazamientos potencialmente explosivos ; Recipientes a presión ; Protección de máquina.
710 2# - ENTRADA AGREGADA--NOMBRE DE ENTIDAD CORPORATIVA
Nombre de entidad corporativa o nombre de jurisdicción como elemento de entrada Fundación MAPFRE
9 (RLIN) 4362
740 0# - ENTRADA AGREGADA--TÍTULO RELACIONADO/ANALÍTICO NO CONTROLADO
Título relacionado o analítico no controlado Protección contra contactos eléctricos.
740 0# - ENTRADA AGREGADA--TÍTULO RELACIONADO/ANALÍTICO NO CONTROLADO
Título relacionado o analítico no controlado Instalaciones eléctricas en emplazamientos potencialmente explosivos.
740 0# - ENTRADA AGREGADA--TÍTULO RELACIONADO/ANALÍTICO NO CONTROLADO
Título relacionado o analítico no controlado Recipientes a presión.
740 0# - ENTRADA AGREGADA--TÍTULO RELACIONADO/ANALÍTICO NO CONTROLADO
Título relacionado o analítico no controlado Protección de máquina.
852 ## - LOCALIZACIÓN
Ubicación ES-MaACL
Número de control de estantería L-1389
Sublocalización o colección R.102153
Holdings
Estatus retirado Estado de pérdida Estado de daño No para préstamo Biblioteca de origen Biblioteca actual Ubicación en estantería Fecha de adquisición Fuente de adquisición Total de préstamos Signatura topográfica completa Código de barras Visto por última vez Precio de reemplazo Tipo de ítem Koha
        Biblioteca del Ateneo de Madrid Biblioteca del Ateneo de Madrid Depósito 2 17/01/2008     L-1389 1149984 23/02/2023 23/02/2023 Libro impreso